| 000 | 00419cam a22001217a 4500 | ||
|---|---|---|---|
| 008 | 180718b1992 xxu||||| |||| 00| 0 eng d | ||
| 082 | _aA81x54 In2/81/1/Pt 8 A & B/8 | ||
| 100 | _aCensus of India, 1981 | ||
| 245 | _aIndia: household tables on scheduled castes and scheduled tribes | ||
| 260 |
_aDelhi _bController of Publications _c1992 |
||
| 300 | _a653p. | ||
| 440 | _aCensus of India, 1981, Series 1;Part 8 A & B (viii) | ||
| 999 |
_c481870 _d481870 |
||